Statystyki dla Szybka Matematyka - Mnożenie

Kliknij tutaj aby rozwiązać quiz!

Ogólne statystyki

  • Ten quiz został rozwiązany 12 458 razy
  • Średni wynik to 13 z 20

Statystyki odpowiedzi

problemodpowiedź% Poprawnych
6 x 636
100%
5 x 210
98%
90 x 3270
98%
18 x 236
98%
25 x 250
98%
30 x 260
98%
33 x 266
98%
9 x 436
97%
13 x 10130
96%
5 x 315
96%
6 x 318
96%
60 x 3180
96%
14 x 228
96%
8 x 432
96%
9 x 545
96%
9 x 654
96%
3 x 39
96%
20 x 5100
95%
25 x 4100
95%
55 x 2110
95%
6 x 212
95%
25 x 5125
95%
11 x 222
95%
10 x 330
95%
12 x 448
95%
11 x 555
95%
10 x 770
95%
9 x 981
95%
4 x 312
94%
14 x 10140
94%
20 x 8160
94%
20 x 10200
94%
16 x 232
94%
7 x 535
94%
20 x 240
94%
3 x 26
94%
41 x 282
94%
21 x 484
94%
20 x 6120
93%
61 x 2122
93%
70 x 2140
93%
80 x 2160
93%
22 x 10220
93%
12 x 224
93%
30 x 8240
93%
5 x 525
93%
9 x 327
93%
6 x 530
93%
40 x 10400
93%
36 x 272
93%
43 x 286
93%
12 x 10120
92%
20 x 7140
92%
71 x 2142
92%
12 x 12144
92%
50 x 4200
92%
6 x 424
92%
7 x 428
92%
7 x 642
92%
15 x 345
92%
49 x 10490
92%
15 x 460
92%
25 x 375
92%
4 x 28
92%
40 x 280
92%
46 x 292
92%
51 x 2102
91%
53 x 2106
91%
43 x 3129
91%
45 x 3135
91%
8 x 216
91%
4 x 416
91%
81 x 2162
91%
30 x 6180
91%
91 x 2182
91%
19 x 10190
91%
10 x 220
91%
50 x 5250
91%
13 x 226
91%
70 x 4280
91%
33 x 10330
91%
90 x 4360
91%
14 x 342
91%
11 x 444
91%
17 x 351
91%
20 x 360
91%
10 x 660
91%
21 x 363
91%
32 x 264
91%
20 x 480
91%
30 x 390
91%
10 x 10100
90%
66 x 2132
90%
86 x 2172
90%
88 x 2176
90%
9 x 218
90%
90 x 2180
90%
40 x 5200
90%
60 x 5300
90%
90 x 5450
90%
7 x 749
90%
31 x 262
90%
22 x 366
90%
9 x 872
90%
50 x 2100
89%
54 x 2108
89%
22 x 5110
89%
59 x 2118
89%
60 x 2120
89%
64 x 2128
89%
75 x 2150
89%
82 x 2164
89%
51 x 4204
89%
7 x 321
89%
40 x 8320
89%
11 x 333
89%
70 x 5350
89%
60 x 6360
89%
22 x 244
89%
50 x 9450
89%
23 x 246
89%
10 x 550
89%
50 x 10500
89%
26 x 252
89%
60 x 10600
89%
22 x 488
89%
45 x 290
89%
58 x 2116
88%
41 x 3123
88%
77 x 2154
88%
31 x 5155
88%
83 x 2166
88%
17 x 10170
88%
20 x 9180
88%
94 x 2188
88%
8 x 324
88%
8 x 540
88%
10 x 440
88%
20 x 20400
88%
46 x 10460
88%
28 x 256
88%
11 x 666
88%
42 x 284
88%
52 x 2104
87%
21 x 5105
87%
7 x 214
87%
73 x 2146
87%
15 x 10150
87%
30 x 5150
87%
99 x 2198
87%
40 x 7280
87%
12 x 336
87%
42 x 10420
87%
55 x 10550
87%
29 x 258
87%
9 x 763
87%
34 x 268
87%
10 x 990
87%
35 x 3105
86%
31 x 4124
86%
25 x 6150
86%
51 x 3153
86%
40 x 4160
86%
61 x 3183
86%
45 x 5225
86%
40 x 6240
86%
60 x 4240
86%
27 x 10270
86%
28 x 10280
86%
17 x 234
86%
80 x 5400
86%
43 x 10430
86%
8 x 648
86%
51 x 10510
86%
53 x 10530
86%
8 x 864
86%
13 x 565
86%
15 x 575
86%
47 x 294
86%
32 x 396
86%
36 x 3108
85%
32 x 4128
85%
49 x 3147
85%
55 x 3165
85%
93 x 2186
85%
41 x 5205
85%
50 x 6300
85%
32 x 10320
85%
37 x 10370
85%
19 x 238
85%
41 x 10410
85%
70 x 6420
85%
16 x 348
85%
40 x 12480
85%
48 x 10480
85%
99 x 5495
85%
52 x 10520
85%
90 x 6540
85%
8 x 756
85%
56 x 10560
85%
23 x 369
85%
10 x 880
85%
28 x 384
85%
49 x 298
85%
28 x 4112
84%
30 x 4120
84%
14 x 9126
84%
35 x 4140
84%
72 x 2144
84%
52 x 3156
84%
16 x 10160
84%
92 x 2184
84%
63 x 3189
84%
95 x 2190
84%
96 x 2192
84%
98 x 2196
84%
5 x 420
84%
21 x 10210
84%
70 x 3210
84%
52 x 5260
84%
31 x 9279
84%
15 x 230
84%
35 x 10350
84%
39 x 10390
84%
14 x 570
84%
39 x 278
84%
31 x 393
84%
48 x 296
84%
26 x 4104
83%
15 x 7105
83%
12 x 9108
83%
11 x 10110
83%
57 x 2114
83%
42 x 3126
83%
65 x 2130
83%
68 x 2136
83%
74 x 2148
83%
41 x 4164
83%
62 x 4248
83%
26 x 10260
83%
72 x 4288
83%
29 x 10290
83%
31 x 10310
83%
80 x 4320
83%
20 x 16320
83%
40 x 11440
83%
24 x 248
83%
40 x 13520
83%
27 x 254
83%
14 x 456
83%
80 x 7560
83%
16 x 464
83%
35 x 270
83%
18 x 472
83%
38 x 276
83%
56 x 2112
82%
29 x 4116
82%
62 x 2124
82%
84 x 2168
82%
80 x 3240
82%
25 x 10250
82%
93 x 3279
82%
20 x 14280
82%
30 x 10300
82%
36 x 10360
82%
61 x 6366
82%
2 x 24
82%
81 x 5405
82%
21 x 242
82%
60 x 7420
82%
18 x 354
82%
60 x 9540
82%
19 x 357
82%
57 x 10570
82%
58 x 10580
82%
12 x 560
82%
12 x 672
82%
19 x 476
82%
16 x 580
82%
44 x 288
82%
40 x 3120
81%
24 x 5120
81%
11 x 11121
81%
50 x 3150
81%
78 x 2156
81%
79 x 2158
81%
53 x 3159
81%
33 x 5165
81%
25 x 7175
81%
50 x 8400
81%
91 x 5455
81%
23 x 20460
81%
24 x 20480
81%
26 x 378
81%
24 x 496
81%
27 x 4108
80%
63 x 2126
80%
33 x 4132
80%
87 x 2174
80%
25 x 8200
80%
26 x 11286
80%
58 x 5290
80%
97 x 3291
80%
20 x 19380
80%
21 x 20420
80%
80 x 6480
80%
50 x 11550
80%
24 x 372
80%
13 x 678
80%
23 x 5115
79%
76 x 2152
79%
89 x 2178
79%
30 x 7210
79%
44 x 5220
79%
51 x 5255
79%
45 x 6270
79%
99 x 3297
79%
34 x 10340
79%
50 x 7350
79%
99 x 4396
79%
44 x 10440
79%
47 x 10470
79%
70 x 7490
79%
30 x 20600
79%
23 x 492
79%
33 x 399
79%
37 x 3111
78%
21 x 6126
78%
12 x 11132
78%
24 x 6144
78%
32 x 5160
78%
18 x 9162
78%
42 x 4168
78%
34 x 5170
78%
35 x 5175
78%
43 x 5215
78%
54 x 4216
78%
23 x 10230
78%
58 x 4232
78%
91 x 3273
78%
95 x 3285
78%
30 x 11330
78%
40 x 9360
78%
45 x 10450
78%
54 x 10540
78%
27 x 381
78%
11 x 888
78%
11 x 999
78%
67 x 2134
77%
69 x 2138
77%
18 x 10180
77%
35 x 6210
77%
15 x 15225
77%
61 x 4244
77%
63 x 4252
77%
54 x 5270
77%
70 x 8560
77%
59 x 10590
77%
15 x 8120
76%
58 x 3174
76%
45 x 4180
76%
21 x 9189
76%
32 x 6192
76%
69 x 3207
76%
52 x 4208
76%
42 x 5210
76%
36 x 6216
76%
74 x 3222
76%
75 x 3225
76%
48 x 5240
76%
81 x 3243
76%
92 x 3276
76%
20 x 15300
76%
13 x 339
76%
60 x 8480
76%
37 x 274
76%
17 x 585
76%
26 x 5130
75%
44 x 3132
75%
46 x 3138
75%
23 x 6138
75%
22 x 7154
75%
46 x 4184
75%
62 x 3186
75%
64 x 3192
75%
97 x 2194
75%
39 x 5195
75%
53 x 4212
75%
55 x 4220
75%
20 x 13260
75%
67 x 4268
75%
30 x 9270
75%
55 x 5275
75%
91 x 4364
75%
38 x 10380
75%
55 x 8440
75%
13 x 452
75%
26 x 20520
75%
14 x 684
75%
15 x 690
75%
12 x 896
75%
14 x 798
75%
39 x 3117
74%
22 x 6132
74%
26 x 6156
74%
72 x 3216
74%
56 x 4224
74%
74 x 4296
74%
61 x 5305
74%
51 x 6306
74%
51 x 7357
74%
96 x 5480
74%
30 x 17510
74%
11 x 777
74%
34 x 3102
73%
18 x 6108
73%
36 x 4144
73%
54 x 3162
73%
56 x 3168
73%
85 x 2170
73%
33 x 6198
73%
73 x 3219
73%
24 x 10240
73%
49 x 5245
73%
65 x 4260
73%
71 x 4284
73%
54 x 6324
73%
95 x 4380
73%
97 x 4388
73%
22 x 20440
73%
75 x 6450
73%
30 x 15450
73%
92 x 5460
73%
29 x 20580
73%
13 x 791
73%
28 x 5140
72%
47 x 3141
72%
22 x 8176
72%
49 x 4196
72%
66 x 3198
72%
71 x 3213
72%
25 x 9225
72%
46 x 5230
72%
30 x 13390
72%
50 x 12600
72%
12 x 784
72%
18 x 590
72%
15 x 9135
71%
18 x 8144
71%
59 x 3177
71%
24 x 8192
71%
65 x 3195
71%
26 x 9234
71%
20 x 12240
71%
82 x 3246
71%
64 x 4256
71%
55 x 6330
71%
76 x 5380
71%
52 x 8416
71%
17 x 468
71%
16 x 696
71%
38 x 3114
70%
27 x 5135
70%
34 x 4136
70%
16 x 9144
70%
38 x 4152
70%
15 x 11165
70%
24 x 7168
70%
19 x 9171
70%
43 x 4172
70%
31 x 6186
70%
79 x 3237
70%
66 x 4264
70%
94 x 3282
70%
96 x 3288
70%
93 x 4372
70%
75 x 5375
70%
35 x 11385
70%
98 x 4392
70%
95 x 5475
70%
30 x 16480
70%
28 x 20560
70%
48 x 3144
69%
37 x 4148
69%
21 x 8168
69%
67 x 3201
69%
83 x 3249
69%
29 x 9261
69%
53 x 5265
69%
57 x 5285
69%
73 x 4292
69%
98 x 3294
69%
77 x 4308
69%
53 x 6318
69%
82 x 4328
69%
66 x 5330
69%
85 x 4340
69%
20 x 18360
69%
33 x 11363
69%
41 x 9369
69%
51 x 8408
69%
55 x 9495
69%
40 x 15600
69%
13 x 9117
68%
59 x 4236
68%
41 x 7287
68%
59 x 5295
68%
62 x 5310
68%
20 x 17340
68%
30 x 12360
68%
65 x 6390
68%
19 x 595
68%
14 x 8112
67%
17 x 9153
67%
39 x 4156
67%
44 x 4176
67%
17 x 11187
67%
48 x 4192
67%
34 x 6204
67%
20 x 11220
67%
32 x 7224
67%
31 x 8248
67%
88 x 3264
67%
68 x 4272
67%
65 x 5325
67%
71 x 5355
67%
72 x 5360
67%
73 x 5365
67%
92 x 4368
67%
51 x 9459
67%
42 x 11462
67%
29 x 387
67%
13 x 8104
66%
14 x 11154
66%
57 x 3171
66%
31 x 7217
66%
57 x 4228
66%
41 x 6246
66%
85 x 3255
66%
32 x 8256
66%
44 x 6264
66%
32 x 12384
66%
38 x 11418
66%
30 x 14420
66%
85 x 5425
66%
45 x 11495
66%
30 x 19570
66%
64 x 9576
66%
16 x 7112
65%
17 x 7119
65%
19 x 7133
65%
27 x 6162
65%
13 x 13169
65%
37 x 5185
65%
47 x 4188
65%
68 x 3204
65%
23 x 9207
65%
84 x 3252
65%
28 x 11308
65%
41 x 8328
65%
64 x 6384
65%
44 x 9396
65%
93 x 5465
65%
30 x 18540
65%
66 x 9594
65%
19 x 6114
64%
21 x 7147
64%
34 x 7238
64%
52 x 6312
64%
84 x 4336
64%
31 x 11341
64%
88 x 4352
64%
69 x 6414
64%
98 x 5490
64%
14 x 12168
63%
16 x 11176
63%
27 x 7189
63%
28 x 7196
63%
18 x 12216
63%
86 x 3258
63%
87 x 3261
63%
56 x 5280
63%
49 x 6294
63%
75 x 4300
63%
83 x 4332
63%
59 x 6354
63%
53 x 7371
63%
34 x 11374
63%
68 x 6408
63%
88 x 5440
63%
52 x 9468
63%
94 x 5470
63%
25 x 20500
63%
47 x 11517
63%
59 x 9531
63%
27 x 20540
63%
83 x 7581
63%
24 x 11264
62%
32 x 9288
62%
33 x 9297
62%
45 x 7315
62%
42 x 8336
62%
25 x 15375
62%
36 x 11396
62%
82 x 5410
62%
83 x 5415
62%
84 x 5420
62%
86 x 5430
62%
72 x 7504
62%
19 x 11209
61%
28 x 8224
61%
21 x 11231
61%
78 x 3234
61%
33 x 8264
61%
69 x 4276
61%
35 x 8280
61%
76 x 4304
61%
29 x 11319
61%
67 x 5335
61%
68 x 5340
61%
66 x 6396
61%
67 x 6402
61%
87 x 5435
61%
43 x 11473
61%
56 x 9504
61%
54 x 11594
61%
25 x 24600
61%
23 x 7161
60%
18 x 11198
60%
76 x 3228
60%
33 x 7231
60%
35 x 7245
60%
21 x 12252
60%
25 x 11275
60%
27 x 11297
60%
43 x 7301
60%
78 x 4312
60%
64 x 5320
60%
37 x 9333
60%
49 x 7343
60%
86 x 4344
60%
52 x 7364
60%
96 x 4384
60%
77 x 5385
60%
79 x 5395
60%
45 x 9405
60%
46 x 9414
60%
74 x 6444
60%
65 x 7455
60%
71 x 7497
60%
51 x 11561
60%
18 x 7126
59%
17 x 8136
59%
15 x 12180
59%
26 x 8208
59%
47 x 5235
59%
16 x 15240
59%
46 x 6276
59%
74 x 5370
59%
94 x 4376
59%
56 x 8448
59%
57 x 8456
59%
57 x 9513
59%
81 x 7567
59%
52 x 11572
59%
53 x 11583
59%
29 x 5145
58%
29 x 6174
58%
23 x 8184
58%
15 x 14210
58%
24 x 9216
58%
22 x 11242
58%
28 x 9252
58%
34 x 8272
58%
21 x 13273
58%
63 x 5315
58%
81 x 4324
58%
45 x 8360
58%
55 x 7385
58%
33 x 12396
58%
48 x 9432
58%
49 x 11539
58%
89 x 3267
57%
47 x 6282
57%
42 x 7294
57%
79 x 4316
57%
56 x 6336
57%
87 x 4348
57%
57 x 7399
57%
53 x 8424
57%
49 x 9441
57%
53 x 9477
57%
61 x 8488
57%
82 x 6492
57%
95 x 6570
57%
16 x 8128
56%
17 x 12204
56%
36 x 8288
56%
34 x 9306
56%
43 x 8344
56%
44 x 8352
56%
62 x 6372
56%
56 x 7392
56%
44 x 11484
56%
19 x 8152
55%
77 x 3231
55%
42 x 6252
55%
16 x 16256
55%
26 x 12312
55%
31 x 12372
55%
63 x 6378
55%
54 x 8432
55%
41 x 11451
55%
66 x 7462
55%
58 x 8464
55%
84 x 6504
55%
99 x 6594
55%
28 x 6168
54%
29 x 7203
54%
25 x 12300
54%
25 x 13325
54%
57 x 6342
54%
69 x 5345
54%
89 x 4356
54%
24 x 15360
54%
46 x 8368
54%
43 x 9387
54%
64 x 7448
54%
62 x 8496
54%
40 x 14560
54%
96 x 6576
54%
98 x 6588
54%
17 x 6102
53%
13 x 11143
53%
13 x 12156
53%
36 x 5180
53%
27 x 8216
53%
29 x 8232
53%
23 x 11253
53%
48 x 6288
53%
23 x 13299
53%
38 x 8304
53%
22 x 15330
53%
78 x 5390
53%
49 x 8392
53%
59 x 7413
53%
36 x 12432
53%
97 x 5485
53%
24 x 21504
53%
25 x 21525
53%
45 x 12540
53%
94 x 6564
53%
75 x 8600
53%
38 x 7266
52%
44 x 7308
52%
21 x 15315
52%
46 x 7322
52%
47 x 7329
52%
29 x 12348
52%
22 x 19418
52%
79 x 6474
52%
26 x 7182
51%
22 x 9198
51%
38 x 6228
51%
43 x 6258
51%
24 x 12288
51%
37 x 8296
51%
36 x 9324
51%
38 x 9342
51%
39 x 9351
51%
32 x 11352
51%
25 x 16400
51%
37 x 11407
51%
71 x 6426
51%
54 x 9486
51%
81 x 6486
51%
85 x 6510
51%
75 x 7525
51%
61 x 9549
51%
79 x 7553
51%
93 x 6558
51%
15 x 13195
50%
36 x 7252
50%
23 x 15345
50%
58 x 6348
50%
28 x 15420
50%
25 x 19475
50%
48 x 11528
50%
71 x 8568
50%
19 x 13247
49%
22 x 13286
49%
54 x 7378
49%
72 x 6432
49%
63 x 8504
49%
86 x 6516
49%
58 x 9522
49%
39 x 8312
48%
42 x 9378
48%
58 x 7406
48%
39 x 11429
48%
31 x 14434
48%
73 x 6438
48%
89 x 5445
48%
77 x 6462
48%
29 x 16464
48%
22 x 22484
48%
41 x 12492
48%
65 x 8520
48%
25 x 22550
48%
65 x 9585
48%
38 x 5190
47%
18 x 13234
47%
27 x 9243
47%
37 x 7259
47%
22 x 14308
47%
27 x 12324
47%
21 x 17357
47%
47 x 8376
47%
62 x 7434
47%
63 x 7441
47%
78 x 6468
47%
32 x 15480
47%
42 x 12504
47%
77 x 7539
47%
62 x 9558
47%
49 x 12588
47%
16 x 12192
46%
14 x 14196
46%
21 x 14294
46%
26 x 15390
46%
61 x 7427
46%
46 x 11506
46%
73 x 7511
46%
92 x 6552
46%
73 x 8584
46%
24 x 13312
45%
48 x 8384
45%
47 x 9423
45%
21 x 21441
45%
74 x 7518
45%
17 x 13221
44%
39 x 6234
44%
39 x 7273
44%
35 x 9315
44%
48 x 7336
44%
22 x 16352
44%
31 x 15465
44%
64 x 8512
44%
87 x 6522
44%
16 x 13208
43%
23 x 12276
43%
31 x 13403
43%
35 x 12420
43%
59 x 8472
43%
23 x 21483
43%
91 x 6546
43%
63 x 9567
43%
82 x 7574
43%
37 x 6222
42%
19 x 17323
42%
28 x 12336
42%
67 x 7469
42%
69 x 7483
42%
69 x 8552
42%
14 x 13182
41%
21 x 16336
41%
19 x 19361
41%
22 x 18396
41%
21 x 19399
41%
22 x 21462
41%
33 x 15495
41%
35 x 15525
41%
26 x 21546
41%
31 x 19589
41%
19 x 12228
40%
18 x 15270
40%
25 x 14350
40%
25 x 17425
40%
37 x 12444
40%
39 x 12468
40%
83 x 6498
40%
66 x 8528
40%
42 x 13546
40%
47 x 12564
40%
48 x 12576
40%
72 x 8576
40%
17 x 17289
39%
19 x 16304
39%
26 x 14364
39%
27 x 15405
39%
76 x 6456
39%
23 x 22506
39%
88 x 6528
39%
36 x 15540
39%
45 x 13585
39%
17 x 16272
38%
29 x 13377
38%
34 x 12408
38%
24 x 19456
38%
26 x 19494
38%
34 x 15510
38%
44 x 12528
38%
28 x 19532
38%
38 x 14532
38%
89 x 6534
38%
78 x 7546
38%
97 x 6582
38%
22 x 12264
37%
24 x 14336
37%
27 x 21567
37%
84 x 7588
37%
27 x 22594
37%
85 x 7595
37%
16 x 14224
36%
23 x 16368
36%
34 x 13442
36%
25 x 18450
36%
38 x 12456
36%
76 x 7532
36%
37 x 15555
36%
38 x 15570
36%
28 x 13364
35%
24 x 16384
35%
68 x 7476
35%
35 x 14490
35%
27 x 19513
35%
41 x 13533
35%
41 x 14574
35%
28 x 21588
35%
33 x 13429
34%
35 x 13455
34%
31 x 16496
34%
23 x 23529
34%
25 x 23575
34%
74 x 8592
34%
17 x 14238
33%
23 x 19437
33%
27 x 18486
33%
32 x 16512
33%
68 x 8544
33%
29 x 19551
33%
26 x 22572
33%
22 x 17374
32%
28 x 14392
32%
32 x 13416
32%
29 x 15435
32%
31 x 17527
32%
19 x 14266
31%
18 x 17306
31%
26 x 16416
31%
28 x 16448
31%
43 x 12516
31%
33 x 16528
31%
43 x 13559
31%
42 x 14588
31%
26 x 13338
30%
19 x 18342
30%
32 x 14448
30%
37 x 14518
30%
36 x 16576
30%
18 x 14252
29%
17 x 15255
29%
19 x 15285
29%
29 x 17493
29%
34 x 16544
29%
46 x 12552
29%
35 x 17595
29%
27 x 13351
28%
27 x 14378
28%
23 x 18414
28%
33 x 14462
28%
67 x 8536
28%
24 x 23552
28%
44 x 13572
28%
26 x 23598
28%
23 x 14322
27%
18 x 18324
27%
28 x 18504
27%
38 x 13494
26%
32 x 17544
26%
31 x 18558
26%
33 x 18594
26%
21 x 18378
25%
26 x 18468
25%
36 x 13468
25%
34 x 14476
25%
39 x 13507
25%
29 x 14406
24%
24 x 17408
24%
24 x 22528
24%
39 x 15585
24%
18 x 16288
23%
39 x 14546
23%
35 x 16560
23%
32 x 18576
23%
24 x 18432
22%
36 x 14504
22%
29 x 18522
22%
46 x 13598
22%
37 x 13481
21%
24 x 24576
21%
37 x 16592
20%
27 x 16432
19%
23 x 17391
18%
27 x 17459
18%
28 x 17476
17%
33 x 17561
16%
34 x 17578
16%
26 x 17442
11%

Rozkład punktacji

Percentyl według liczby udzielonych odpowiedzi

Procent ludzi z każdym wynikiem

Twoja historia wyników

Nie rozwiązałeś tego quizu